000 00739nam a2200205 i 4500
001 152606
003 ES-MaACL
005 20230906204819.0
008 940301s1879 gw |||| | eng d
040 _aAS
_bspa
080 _a821.111-31"18"
100 1 _aBraddon, M. E. (
_d1837-1915)
_9126141
245 1 0 _aVixen
_b: a novel /
_cby M.E. Braddon.
260 _aLeipzig :
_bBernhard Tauchnitz,
_c1879.
300 _a3 v. (304; 287; 278 p.) ;
_c16 cm.
490 1 _aCollection of British Authors ;
_v1809; 1810; 1811
830 0 _aCollection of British Authors ;
_v1809; 1810; 1811
_9180703
852 1 _aBA
_jG-11377-78
_z-- Enc. hol., conservando la enc. original
_z-- Enc. 3 t. en 2 v.
_x-- Edic: Completar
999 _c152606
_d152606